00282nam a2200109Ia 4500008004100000245003600041260004900077260000900126300001000135500001100145650001600156170224s9999 xx 000 0 und d aInterpreting uncertainty terms. bJournal of Personality and Social Psychology c2014 a107:2 aAugust xPsychology.